Statistické metody pro ekonomickou a technickou praxi

Enregistré dans:
Détails bibliographiques
Auteur principal: Kubanová, Jana
Format: Livre
Langue:tchèque
Publié: Bratislava STATIS 2003
Sujets:
Tags: Ajouter un tag
Pas de tags, Soyez le premier à ajouter un tag!

MARC

LEADER 00000nam$a2200000$$$4500
001 0005607
005 20240306141651.0
020 |a 80-85659-31-X 
041 0 |a cze 
044 |a CZ 
245 1 0 |a Statistické metody pro ekonomickou a technickou praxi  |c Jana Kubanová 
264 1 |a Bratislava  |b STATIS  |c 2003 
300 |a 247 s. 
610 2 0 |a štatistika 
610 2 0 |a štatistika matematická 
610 2 0 |a metódy štatistické 
610 2 0 |a ekonómia 
610 2 0 |a parametre ekonomické 
610 2 0 |a hypotézy 
610 2 0 |a testy 
610 2 0 |a analýza korelačná 
610 2 0 |a analýza regresná 
610 2 0 |a analýza štatistická 
100 1 |a Kubanová, Jana